Normal view
MARC view
- Zakaria, Rafia,
Entry Personal Name
001 - CONTROL NUMBER
- control field: 29
003 - CONTROL NUMBER IDENTIFIER
- control field: Nust
005 - DATE AND TIME OF LATEST TRANSACTION
- control field: 20170505103806.0
008 - FIXED-LENGTH DATA ELEMENTS
- fixed length control field: 170505|| aca||aabn | a|a d
040 ## - CATALOGING SOURCE
- Original cataloging agency: Nust
- Transcribing agency: Nust
100 ## - HEADING--PERSONAL NAME
- Personal name: Zakaria, Rafia,
- Dates associated with a name: 1978-
- General subdivision: Family.
670 ## - SOURCE DATA FOUND
- Source citation: Work cat.: (Nust)0: Zakaria, Rafia, 1978- 28, The upstairs wife :
